| 000 | 00945 a2200241 4500 | ||
|---|---|---|---|
| 001 | 26940 | ||
| 005 | 20260407155547.0 | ||
| 008 | 260407a1983 arg spa d | ||
| 003 | AR-UNSa-BCEJYS | ||
| 040 |
_aAR-UNSa-BCEJYS _bspa _cAR-UNSa-BCEJYS |
||
| 080 |
_a711.4 _xOrdenación urbana. Desarrollo urbano. Áreas edificadas. Conurbaciones. Asentamientos |
||
| 245 | 1 | 0 | _aElementos de análisis urbano |
| 020 | _a84-7088-343-7 | ||
| 264 | 1 |
_aMadrid : _bInstituto de Estudios de Administración Local _c1983 |
|
| 300 |
_a280 p. _c21 cm. |
||
| 505 | _a1. Crecimientos - 2. Trazados y parcelación - 3. Tipologías - 4. Paisaje urbano - 5. La práctica del espacio urbano - 6. Estructuras urbanas - 7. La arquitectura urbana: una utopia realista | ||
| 942 | _cBK | ||
| 590 | _aniveau_biblio:m niveau_hierar:0 | ||
| 100 | 1 | _aPanerai, Philippe | |
| 700 | 1 | _aDepaule, Jean-Charles | |
| 700 | 1 | _aDemorgon, Marcelle | |
| 700 | 1 | _aVeyrenche, Michel | |
| 999 |
_c1523 _d1523 |
||